[Event "Titled Tuesday intern op 18th Jul Early"]
[Site "Chess.com INT"]
[Date "2023.07.18"]
[Round "1"]
[White "Marosi, Levente"]
[Black "Carlsen, Magnus"]
[Result "0-1"]
[WhiteElo "2289"]
[BlackElo "2835"]
[PlyCount "56"]
[EventDate "2023.07.18"]
[EventType "swiss (blitz)"]
[EventRounds "11"]
[EventCountry "USA"]
[SourceTitle "EXT 2024"]
[Source "ChessBase"]
[SourceDate "2023.10.10"]
[SourceVersion "1"]
[SourceVersionDate "2023.10.10"]
[SourceQuality "1"]

1. e4 e6 2. d4 d6 3. Nd2 a6 4. Ngf3 g6 5. Bd3 Bg7 6. c3 Ne7 7. Qe2 c5 8. 0-0 cxd4 9. cxd4 0-0 10. Nb3 a5 11. Be3 Nbc6 12. a4 Nb4 13. Bb5 b6 14. Rfc1 Bb7 15. Nfd2 f5 16. Bg5 h6 17. Bxe7 Qxe7 18. exf5 Rxf5 19. Rc3 Raf8 20. Rf1 Nd5 21. Rg3 Nf4 22. Qe3 h5 23. f3 Bh6 24. Qe1 Bg5 25. Ne4 Bh4 26. Nbd2 Bxe4 27. Nxe4 Qg7 28. Kh1 Qxd4 0-1

[Event "Titled Tuesday intern op 18th Jul Early"]
[Site "Chess.com INT"]
[Date "2023.07.18"]
[Round "3"]
[White "Marosi, Levente"]
[Black "Gruzman, Ilya"]
[Result "1-0"]
[WhiteElo "2289"]
[BlackElo "2151"]
[PlyCount "51"]
[EventDate "2023.07.18"]
[EventType "swiss (blitz)"]
[EventRounds "11"]
[EventCountry "USA"]
[SourceTitle "EXT 2024"]
[Source "ChessBase"]
[SourceDate "2023.10.10"]
[SourceVersion "1"]
[SourceVersionDate "2023.10.10"]
[SourceQuality "1"]

1. e4 c5 2. Nf3 e6 3. g3 d5 4. exd5 exd5 5. Bg2 Nc6 6. 0-0 Nf6 7. d4 Bd6 8. Re1+ Be6 9. dxc5 Bxc5 10. Be3 Bxe3 11. Rxe3 0-0 12. Nbd2 Qb6 13. Nb3 Rac8 14. c3 Rfe8 15. Nfd4 Nxd4 16. Qxd4 Qb5 17. Rae1 a5 18. Bf1 Rc4 19. Bxc4 dxc4 20. Nc5 Qxb2 21. Nxe6 fxe6 22. Qxc4 Nd5 23. Rxe6 Rd8 24. Re8+ Rxe8 25. Qxd5+ Kf8 26. Qf5+ 1-0

[Event "Titled Tuesday intern op 18th Jul Early"]
[Site "Chess.com INT"]
[Date "2023.07.18"]
[Round "8"]
[White "Marosi, Levente"]
[Black "Sahib, Singh"]
[Result "0-1"]
[WhiteElo "2289"]
[BlackElo "2397"]
[PlyCount "105"]
[EventDate "2023.07.18"]
[EventType "swiss (blitz)"]
[EventRounds "11"]
[EventCountry "USA"]
[SourceTitle "EXT 2024"]
[Source "ChessBase"]
[SourceDate "2023.10.10"]
[SourceVersion "1"]
[SourceVersionDate "2023.10.10"]
[SourceQuality "1"]

1. e4 e6 2. d4 d5 3. Nd2 c5 4. exd5 Qxd5 5. Ngf3 cxd4 6. Bc4 Qd6 7. 0-0 Nf6 8. Nb3 Nc6 9. Nbxd4 Nxd4 10. Nxd4 a6 11. Re1 Qc7 12. Bb3 Bd6 13. Nf5 Bxh2+ 14. Kh1 0-0 15. Nxg7 Rd8 16. Qf3 Kxg7 17. Bh6+ Kg6 18. c3 Nh5 19. Bc1 Bf4 20. g4 Ng3+ 21. fxg3 Bxc1 22. Raxc1 Bd7 23. Kh2 Bc6 24. Qe3 Qe7 25. Rf1 h6 26. Bc2+ Kg7 27. Rf2 Qg5 28. Re1 Qxe3 29. Rxe3 Rd6 30. Be4 Bxe4 31. Rxe4 Rad8 32. Ref4 R8d7 33. Kg2 e5 34. R4f3 f6 35. Re3 Rd2 36. Kf3 Rxf2+ 37. Kxf2 Rd2+ 38. Re2 Rxe2+ 39. Kxe2 Kg6 40. Kf3 Kg5 41. c4 a5 42. b3 e4+ 43. Kxe4 Kxg4 44. a3 Kxg3 45. b4 axb4 46. axb4 h5 47. c5 h4 48. b5 h3 49. c6 bxc6 50. bxc6 h2 51. c7 h1Q+ 52. Kf5 Qc6 53. Kg6 0-1

[Event "Titled Tuesday intern op 18th Jul Early"]
[Site "Chess.com INT"]
[Date "2023.07.18"]
[Round "4"]
[White "Nagare, Kaivalya Sandip"]
[Black "Marosi, Levente"]
[Result "1-0"]
[WhiteElo "2071"]
[BlackElo "2289"]
[PlyCount "125"]
[EventDate "2023.07.18"]
[EventType "swiss (blitz)"]
[EventRounds "11"]
[EventCountry "USA"]
[SourceTitle "EXT 2024"]
[Source "ChessBase"]
[SourceDate "2023.10.10"]
[SourceVersion "1"]
[SourceVersionDate "2023.10.10"]
[SourceQuality "1"]

1. e4 c6 2. d4 d5 3. e5 Bf5 4. Nd2 e6 5. Ngf3 c5 6. c3 Nc6 7. Be2 Qb6 8. 0-0 cxd4 9. cxd4 Rc8 10. Nb3 Nb4 11. Bd2 a5 12. Bc3 a4 13. Nc5 Bxc5 14. dxc5 Qxc5 15. Qxa4+ Nc6 16. Rac1 Qa7 17. Qxa7 Nxa7 18. Nd4 Ne7 19. Bb4 Bg6 20. Rxc8+ Nexc8 21. Rc1 Kd7 22. a4 Nb6 23. b3 Rc8 24. Rxc8 Nbxc8 25. Bf8 Nc6 26. Nxc6 Kxc6 27. Bb5+ Kc7 28. Bxg7 Bc2 29. b4 Na7 30. Be8 Nc6 31. Bxf7 d4 32. b5 Nd8 33. Be8 d3 34. Bh6 b6 35. Kf1 Bxa4 36. Ke1 Nb7 37. Kd2 Nc5 38. Be3 Bc2 39. Bxc5 bxc5 40. Bf7 Kd7 41. b6 h6 42. b7 Kc7 43. Bxe6 Kxb7 44. Bc4 Kc7 45. Bxd3 Bb3 46. f4 Be6 47. f5 Bd5 48. g4 Bf3 49. h3 Bg2 50. h4 Bf3 51. g5 hxg5 52. hxg5 Kd7 53. Ke3 Bd1 54. Kf4 Bb3 55. g6 c4 56. Be4 c3 57. Kg5 c2 58. Bxc2 Bxc2 59. Kf6 Ke8 60. g7 Bb3 61. e6 Bxe6 62. fxe6 Kd8 63. g8Q+ 1-0

[Event "Titled Tuesday intern op 18th Jul Late"]
[Site "Chess.com INT"]
[Date "2023.07.18"]
[Round "11"]
[White "Nguyen, Ngoc Truong Son"]
[Black "Marosi, Levente"]
[Result "1-0"]
[WhiteElo "2645"]
[BlackElo "2289"]
[PlyCount "79"]
[EventDate "2023.07.18"]
[EventType "swiss (blitz)"]
[EventRounds "11"]
[EventCountry "USA"]
[SourceTitle "EXT 2024"]
[Source "ChessBase"]
[SourceDate "2023.10.10"]
[SourceVersion "1"]
[SourceVersionDate "2023.10.10"]
[SourceQuality "1"]

1. e4 c6 2. d4 d5 3. f3 e6 4. c4 Bb4+ 5. Nc3 Nf6 6. e5 Nfd7 7. cxd5 exd5 8. f4 c5 9. Nf3 Nc6 10. a3 Ba5 11. b4 cxb4 12. axb4 Bxb4 13. Bd2 0-0 14. Bd3 f6 15. 0-0 fxe5 16. dxe5 Bxc3 17. Bxc3 Rxf4 18. Bd2 Rxf3 19. Qxf3 Ndxe5 20. Qg3 Nxd3 21. Qxd3 Be6 22. Rae1 Qd7 23. h3 Re8 24. Re3 d4 25. Rg3 Ne5 26. Qe4 Ng6 27. Qb1 Bc4 28. Re1 Rxe1+ 29. Qxe1 b6 30. Rg4 b5 31. Qf2 d3 32. Rd4 Qe7 33. h4 h6 34. h5 Nf8 35. Rg4 Kh8 36. Bc3 Ne6 37. Qe3 Kg8 38. Qxh6 Qf7 39. Qe3 Qf5 40. Re4 1-0

[Event "HUN-chT 2223"]
[Site "Hungary"]
[Date "2023.04.22"]
[Round "8.4"]
[White "Marosi, Levente"]
[Black "Prohaszka, Peter"]
[Result "0-1"]
[WhiteElo "2288"]
[BlackElo "2562"]
[PlyCount "206"]
[EventDate "2022.11.20"]
[EventType "team-tourn"]
[EventRounds "9"]
[EventCountry "HUN"]
[SourceTitle "EXT 2024"]
[Source "ChessBase"]
[SourceDate "2023.10.10"]
[SourceVersion "1"]
[SourceVersionDate "2023.10.10"]
[SourceQuality "1"]
[WhiteTeam "Budapest MTK"]
[BlackTeam "Ajka Sentimento"]
[WhiteTeamCountry "HUN"]
[BlackTeamCountry "HUN"]

1. e4 c6 2. Nc3 d5 3. Nf3 dxe4 4. Nxe4 Nf6 5. Qe2 Nxe4 6. Qxe4 Qa5 7. Qf4 Qf5 8. Qe3 Qe6 9. d4 Qxe3+ 10. Bxe3 Bf5 11. 0-0-0 e6 12. Be2 Be7 13. Ne5 h5 14. g3 Nd7 15. h3 h4 16. g4 Bh7 17. c4 Rc8 18. Nxd7 Kxd7 19. Bd3 b5 20. cxb5 cxb5+ 21. Kb1 a6 22. d5 e5 23. Bxh7 Rxh7 24. f4 Bd6 25. Rhf1 f6 26. g5 Rc4 27. f5 fxg5 28. Bxg5 Rh5 29. Rg1 Bc5 30. Rg2 Rd4 31. Rxd4 Bxd4 32. f6 gxf6 33. Bxf6 Kd6 34. Rg4 Bf2 35. Kc2 Kxd5 36. Kd3 Bd4 37. Kc2 Rf5 38. Bxh4 Rf1 39. Rg2 Be3 40. Bg5 Bf4 41. h4 Rh1 42. Kb3 a5 43. a4 Rh3+ 44. Ka2 bxa4 45. Bd8 e4 46. Bxa5 Rxh4 47. Ka3 e3 48. Kxa4 Bg3+ 49. Kb3 Bf2 50. Bb6 Rh6 51. Bxe3 Bxe3 52. Rc2 Rb6+ 53. Ka4 Bc5 54. Rd2+ Kc6 55. Rc2 Rb8 56. Rh2 Rb4+ 57. Ka5 Rb5+ 58. Ka4 Rb4+ 59. Ka5 Re4 60. Rh6+ Bd6 61. b4 Rd4 62. Rg6 Rd3 63. Ka4 Rd4 64. Ka5 Rd1 65. b5+ Kb7 66. Rg7+ Bc7+ 67. Kb4 Kb6 68. Rg6+ Bd6+ 69. Kc4 Ka5 70. Rg5 Rc1+ 71. Kd4 Bb4 72. Rh5 Kb6 73. Rh7 Bc5+ 74. Kd5 Rd1+ 75. Kc4 Rd4+ 76. Kc3 Rg4 77. Rh6+ Kxb5 78. Rh3 Ra4 79. Rd3 Rc4+ 80. Kb3 Bd4 81. Ka3 Ra4+ 82. Kb3 Rb4+ 83. Ka3 Kc5 84. Rb3 Rc4 85. Rb8 Rc3+ 86. Ka4 Kc4 87. Rb4+ Kd5 88. Rb3 Rc1 89. Kb5 Rc8 90. Kb4 Rc7 91. Kb5 Rc2 92. Kb4 Rc8 93. Kb5 Bc3 94. Ka6 Kc4 95. Rb1 Rf8 96. Kb7 Kc5 97. Rc1 Rf3 98. Rc2 Kd5 99. Rc1 Rf7+ 100. Kc8 Be5 101. Rd1+ Ke6 102. Rd7 Rf1 103. Rd2 Rb1 0-1

[Event "Titled Tuesday intern op 14th Feb Late"]
[Site "Chess.com INT"]
[Date "2023.02.14"]
[Round "6"]
[White "Jonkman, Harmen"]
[Black "Marosi, Levente"]
[Result "1-0"]
[WhiteElo "2328"]
[BlackElo "2312"]
[PlyCount "63"]
[EventDate "2023.02.14"]
[EventType "swiss (blitz)"]
[EventRounds "11"]
[EventCountry "USA"]
[SourceTitle "CBM 212 Extra"]
[Source "ChessBase"]
[SourceDate "2023.03.31"]
[SourceVersion "1"]
[SourceVersionDate "2023.03.31"]
[SourceQuality "1"]

1. e4 c6 2. d4 d5 3. exd5 cxd5 4. Bd3 Nc6 5. c3 Qc7 6. h3 e6 7. Nf3 Bd6 8. 0-0 Nge7 9. Re1 h6 10. Nbd2 0-0 11. Nf1 f5 12. Ne3 a6 13. c4 Nb4 14. Bf1 Bf4 15. a3 Bxe3 16. Bxe3 Nbc6 17. g3 dxc4 18. Bxc4 b5 19. Bf4 Qb7 20. Bxe6+ Kh7 21. Qd3 Bxe6 22. Rxe6 Nd5 23. Bd6 Rf7 24. Rae1 Rd8 25. h4 Kh8 26. h5 Qd7 27. Nh4 Rf6 28. Ng6+ Kh7 29. Rxf6 Nxf6 30. Nf8+ Rxf8 31. Bxf8 Nxd4 32. Bc5 1-0

[Event "Titled Tuesday intern op 14th Feb Late"]
[Site "Chess.com INT"]
[Date "2023.02.14"]
[Round "5"]
[White "Marosi, Levente"]
[Black "Dzida, Kamil"]
[Result "0-1"]
[WhiteElo "2312"]
[BlackElo "2333"]
[PlyCount "102"]
[EventDate "2023.02.14"]
[EventType "swiss (blitz)"]
[EventRounds "11"]
[EventCountry "USA"]
[SourceTitle "CBM 212 Extra"]
[Source "ChessBase"]
[SourceDate "2023.03.31"]
[SourceVersion "1"]
[SourceVersionDate "2023.03.31"]
[SourceQuality "1"]

1. e4 c5 2. Nf3 d6 3. d4 cxd4 4. Nxd4 Nf6 5. Nc3 a6 6. Bg5 e6 7. f4 Be7 8. Qf3 Qc7 9. 0-0-0 Nbd7 10. g4 Rb8 11. Bxf6 Bxf6 12. g5 Bxd4 13. Rxd4 b5 14. Bg2 b4 15. Ne2 0-0 16. Kb1 e5 17. Rd2 exf4 18. Nxf4 Ne5 19. Qg3 Bb7 20. Rhd1 Rfd8 21. h4 a5 22. h5 a4 23. h6 b3 24. hxg7 bxa2+ 25. Ka1 Nc4 26. Nh5 a3 27. b3 Nxd2 28. Rxd2 Qc5 29. Kxa2 Qe5 30. Qxe5 dxe5 31. Rd3 Rxd3 32. cxd3 Rd8 33. Bf1 Ba6 34. Kxa3 Bxd3 35. Bh3 Be2 36. Nf6+ Kxg7 37. Bf5 h6 38. Nd7 hxg5 39. Nxe5 Kf6 40. Nd7+ Ke7 41. Nc5 g4 42. b4 g3 43. Bh3 Bf3 44. b5 g2 45. Bxg2 Bxg2 46. b6 Rb8 47. b7 Bxe4 48. Nxe4 Rxb7 49. Ka4 Rd7 50. Nc5 Rd5 51. Kb5 Kd6 0-1

[Event "Titled Tuesday intern op 14th Feb Early"]
[Site "Chess.com INT"]
[Date "2023.02.14"]
[Round "6"]
[White "Marosi, Levente"]
[Black "Kuchava, Ana"]
[Result "1-0"]
[WhiteElo "2312"]
[BlackElo "2101"]
[PlyCount "107"]
[EventDate "2023.02.14"]
[EventType "swiss (blitz)"]
[EventRounds "11"]
[EventCountry "USA"]
[SourceTitle "CBM 212 Extra"]
[Source "ChessBase"]
[SourceDate "2023.03.31"]
[SourceVersion "1"]
[SourceVersionDate "2023.03.31"]
[SourceQuality "1"]

1. e4 c5 2. Nf3 d6 3. d4 cxd4 4. Nxd4 Nf6 5. Nc3 Nc6 6. Bg5 e6 7. Qd2 Qb6 8. Bxf6 gxf6 9. Nb3 Bd7 10. Be2 h5 11. Rf1 0-0-0 12. f4 h4 13. 0-0-0 Be7 14. Kb1 Kb8 15. Rf3 Rdg8 16. Bf1 Rg4 17. Qe1 a6 18. Rh3 Ka8 19. Rf3 h3 20. g3 Rg7 21. Qd2 Rgg8 22. Rd3 Rc8 23. Rxd6 Bxd6 24. Qxd6 Rcd8 25. Qc5 Qxc5 26. Nxc5 Bc8 27. Rxd8 Rxd8 28. Kc1 e5 29. f5 Nd4 30. Nd5 Rd6 31. Bxh3 Nf3 32. a4 Nxh2 33. a5 Nf3 34. c3 Ng5 35. Bg2 Kb8 36. b4 Bd7 37. c4 Bc6 38. Nd3 Bxd5 39. exd5 e4 40. Nf4 Kc7 41. Kd2 Rd8 42. Ke3 Re8 43. c5 Nf3 44. Nh5 Re5 45. Nxf6 Rxf5 46. Nxe4 Ng5 47. d6+ Kd7 48. Nxg5 Rxg5 49. Bxb7 Rxg3+ 50. Kd4 Rb3 51. Kd5 Rxb4 52. c6+ Kd8 53. c7+ Kd7 54. c8Q# 1-0

[Event "Titled Tuesday intern op 14th Feb Late"]
[Site "Chess.com INT"]
[Date "2023.02.14"]
[Round "2"]
[White "Marosi, Levente"]
[Black "Sjugirov, Sanan"]
[Result "0-1"]
[WhiteElo "2312"]
[BlackElo "2712"]
[PlyCount "106"]
[EventDate "2023.02.14"]
[EventType "swiss (blitz)"]
[EventRounds "11"]
[EventCountry "USA"]
[SourceTitle "CBM 212 Extra"]
[Source "ChessBase"]
[SourceDate "2023.03.31"]
[SourceVersion "1"]
[SourceVersionDate "2023.03.31"]
[SourceQuality "1"]

1. e4 c5 2. Nf3 Nc6 3. d4 cxd4 4. Nxd4 Nf6 5. Nc3 d6 6. Bg5 e6 7. Qd2 a6 8. 0-0-0 Bd7 9. f4 Be7 10. Be2 h6 11. Bh4 Rc8 12. Bf3 g5 13. fxg5 hxg5 14. Bxg5 Ne5 15. h4 b5 16. Kb1 Nc4 17. Qe1 Qc7 18. Rc1 Qb6 19. Nb3 a5 20. Ne2 a4 21. Nd2 Ne5 22. Qg1 Qc7 23. Qd4 Rg8 24. Rhd1 Nc6 25. Qe3 Ne5 26. Qd4 Nh7 27. Bxe7 Kxe7 28. Nf1 Nf6 29. Ne3 Qc5 30. Qxc5 dxc5 31. c4 b4 32. Nf4 Bc6 33. Ka1 Bxe4 34. Bxe4 Nxe4 35. Re1 f5 36. Re2 Rcd8 37. h5 Nd3 38. Nxd3 Rxd3 39. g4 f4 40. Nf5+ exf5 41. gxf5 Re3 42. Rce1 Kf6 43. Rxe3 fxe3 44. Kb1 b3 45. axb3 axb3 46. Kc1 Kxf5 47. h6 Kf4 48. h7 Rh8 49. Rh1 Ng5 50. Rh4+ Kg3 51. Rh5 Kg4 52. Rh6 Rxh7 53. Rxh7 Nxh7 0-1

[Event "FISU World University KO"]
[Site "Tornelo INT"]
[Date "2020.10.29"]
[Round "1"]
[White "Nenezic, Marko"]
[Black "Marosi, Levente"]
[Result "1-0"]
[WhiteElo "2528"]
[BlackElo "2251"]
[PlyCount "69"]
[EventDate "2020.10.29"]
[EventType "team-k.o. (rapid)"]
[EventRounds "4"]
[EventCountry "NET"]
[SourceTitle "CBM 199 Extra"]
[Source "ChessBase"]
[SourceDate "2021.01.31"]
[SourceVersion "1"]
[SourceVersionDate "2021.01.31"]
[SourceQuality "1"]
[WhiteTeam "Serbia"]
[BlackTeam "Hungary"]
[WhiteTeamCountry "SRB"]
[BlackTeamCountry "HUN"]

1. d4 Nf6 2. c4 g6 3. Nc3 Bg7 4. e4 d6 5. Be2 0-0 6. Be3 e5 7. d5 a5 8. h4 h5 9. f3 Na6 10. Nh3 Nh7 11. Ng5 f6 12. Nxh7 Kxh7 13. g4 f5 14. Bg5 Qe8 15. gxh5 gxh5 16. Qd2 f4 17. 0-0-0 Bd7 18. Rdg1 Qf7 19. Bf1 Rg8 20. Qh2 Bh8 21. Bh3 Nc5 22. Kb1 Rg6 23. Bg2 Rag8 24. Bh3 b6 25. Rg2 Bg7 26. Rhg1 Bh6 27. Nb5 Na6 28. Na7 Bf8 29. Nc6 Nc5 30. Nd8 Qg7 31. Bf5 Be8 32. Ne6 Nxe6 33. dxe6 Kh8 34. Bxg6 Bxg6 35. e7 1-0

[Event "FISU World University"]
[Site "Tornelo INT"]
[Date "2020.10.28"]
[Round "8.8"]
[White "Marosi, Levente"]
[Black "Zhang, Yinzhe"]
[Result "1/2-1/2"]
[WhiteElo "2251"]
[BlackElo "1960"]
[PlyCount "142"]
[EventDate "2020.10.26"]
[EventType "team-swiss (rapid)"]
[EventRounds "9"]
[EventCountry "NET"]
[SourceTitle "CBM 199 Extra"]
[Source "ChessBase"]
[SourceDate "2021.01.31"]
[SourceVersion "1"]
[SourceVersionDate "2021.01.31"]
[SourceQuality "1"]
[WhiteTeam "Hungary"]
[BlackTeam "China II"]
[WhiteTeamCountry "HUN"]
[BlackTeamCountry "CHN"]

1. e4 c5 2. Nf3 d6 3. d4 cxd4 4. Nxd4 Nf6 5. Nc3 a6 6. Bg5 Nbd7 7. f4 e5 8. Nf5 Qb6 9. Qd2 Qxb2 10. Rb1 Qa3 11. Be2 h6 12. Bh4 Qc5 13. Bf2 Qc7 14. 0-0 exf4 15. Rfd1 g6 16. Nxd6+ Bxd6 17. Qxd6 Qxc3 18. Bd4 Qc6 19. Bxf6 Qxd6 20. Rxd6 Nxf6 21. Rxf6 b5 22. a4 bxa4 23. Bc4 Ra7 24. Bd5 g5 25. Rb8 Rc7 26. Rxa6 Rxc2 27. Rxa4 0-0 28. Raa8 Rc1+ 29. Kf2 Rc2+ 30. Ke1 Kg7 31. Kd1 Rc7 32. Kd2 g4 33. Ke1 h5 34. Ra5 h4 35. Bb3 Kg6 36. Rb6+ f6 37. e5 Re7 38. Kf1 Bf5 39. g3 fxg3 40. hxg3 hxg3 41. Kg2 Kg5 42. Rxf6 Rxf6 43. exf6 Kxf6 44. Bc4 Re3 45. Bd5 Re5 46. Ra6+ Kg5 47. Bb7 Re3 48. Ra5 Kf4 49. Ra4+ Kg5 50. Ra5 Kf6 51. Ra6+ Kg5 52. Ra5 Kf4 53. Ra4+ Be4+ 54. Bxe4 Rxe4 55. Rxe4+ Kxe4 56. Kxg3 Kf5 57. Kg2 Kf4 58. Kf2 g3+ 59. Kg2 Kg4 60. Kg1 Kf3 61. Kf1 g2+ 62. Kg1 Ke2 63. Kxg2 Ke3 64. Kg3 Ke4 65. Kg4 Kd4 66. Kf4 Kc4 67. Ke4 Kc3 68. Ke3 Kb3 69. Kd3 Kb2 70. Kd2 Kb3 71. Kd3 Kb4 1/2-1/2

[Event "FISU World University"]
[Site "Tornelo INT"]
[Date "2020.10.27"]
[Round "5.10"]
[White "Marosi, Levente"]
[Black "Liu, Manli"]
[Result "1-0"]
[WhiteElo "2251"]
[BlackElo "2192"]
[PlyCount "87"]
[EventDate "2020.10.26"]
[EventType "team-swiss (rapid)"]
[EventRounds "9"]
[EventCountry "NET"]
[SourceTitle "CBM 199 Extra"]
[Source "ChessBase"]
[SourceDate "2021.01.31"]
[SourceVersion "1"]
[SourceVersionDate "2021.01.31"]
[SourceQuality "1"]
[WhiteTeam "Hungary"]
[BlackTeam "China IV"]
[WhiteTeamCountry "HUN"]
[BlackTeamCountry "CHN"]

1. e4 e6 2. d4 d5 3. Nd2 c5 4. exd5 Qxd5 5. Ngf3 cxd4 6. Bc4 Qd7 7. 0-0 Nc6 8. Nb3 Nf6 9. Nbxd4 Nxd4 10. Qxd4 Qxd4 11. Nxd4 Bd7 12. Bb3 Bc5 13. Rd1 Ke7 14. Bg5 Rhd8 15. c3 h6 16. Bh4 g5 17. Bg3 Ne4 18. Be5 f6 19. Bg3 e5 20. Nf3 Bc6 21. Re1 h5 22. Re2 h4 23. Bxe5 fxe5 24. Nxe5 Bxf2+ 25. Kf1 Bb5 26. c4 Rd4 27. cxb5 Kd6 28. Nf3 Rf8 29. Nxd4 Bxd4+ 30. Ke1 Rf4 31. Bc2 Nf2 32. Bg6 Rf6 33. Be4 Kc7 34. Rc1+ Kb6 35. Rc4 Nxe4 36. Rxd4 Nc5 37. Re5 g4 38. a4 a5 39. bxa6 Nxa6 40. Rxg4 Rc6 41. Rxh4 Rc2 42. Rb5+ Ka7 43. Rh7 Nc5 44. Kd1 1-0

[Event "FISU World University"]
[Site "Tornelo INT"]
[Date "2020.10.26"]
[Round "3.9"]
[White "La Villa Rivas, Marlon Javier"]
[Black "Marosi, Levente"]
[Result "0-1"]
[WhiteElo "2233"]
[BlackElo "2251"]
[PlyCount "70"]
[EventDate "2020.10.26"]
[EventType "team-swiss (rapid)"]
[EventRounds "9"]
[EventCountry "NET"]
[SourceTitle "CBM 199 Extra"]
[Source "ChessBase"]
[SourceDate "2021.01.31"]
[SourceVersion "1"]
[SourceVersionDate "2021.01.31"]
[SourceQuality "1"]
[WhiteTeam "Cuba II"]
[BlackTeam "Hungary"]
[WhiteTeamCountry "CUB"]
[BlackTeamCountry "HUN"]

1. e4 c6 2. d4 d5 3. e5 Bf5 4. Nc3 e6 5. g4 Bg6 6. Nge2 c5 7. h4 f6 8. Nf4 Bf7 9. exf6 Nxf6 10. g5 cxd4 11. Qxd4 Nc6 12. Qa4 Nd7 13. Bh3 Nc5 14. Qb5 e5 15. Ng2 Bg6 16. 0-0 Be7 17. f4 Bxc2 18. Ne1 Bg6 19. fxe5 d4 20. Bg2 dxc3 21. Bxc6+ bxc6 22. Qxc6+ Nd7 23. h5 Bxh5 24. Be3 Rc8 25. Qa4 cxb2 26. Rb1 Bxg5 27. Bd4 Bf7 28. e6 Bxe6 29. Rxb2 Bf6 30. Re2 0-0 31. Rxe6 Bxd4+ 32. Qxd4 Qg5+ 33. Ng2 Rxf1+ 34. Kxf1 Rc1+ 35. Ne1 Qf5+ 0-1

[Event "FISU World University"]
[Site "Tornelo INT"]
[Date "2020.10.26"]
[Round "1.17"]
[White "Marosi, Levente"]
[Black "Moreno Bermudez, Jhon Jairo"]
[Result "1-0"]
[WhiteElo "2251"]
[BlackElo "1839"]
[PlyCount "135"]
[EventDate "2020.10.26"]
[EventType "team-swiss (rapid)"]
[EventRounds "9"]
[EventCountry "NET"]
[SourceTitle "CBM 199 Extra"]
[Source "ChessBase"]
[SourceDate "2021.01.31"]
[SourceVersion "1"]
[SourceVersionDate "2021.01.31"]
[SourceQuality "1"]
[WhiteTeam "Hungary"]
[BlackTeam "Colombia IV"]
[WhiteTeamCountry "HUN"]
[BlackTeamCountry "COL"]

1. e4 c5 2. Nf3 Nf6 3. Nc3 d5 4. Bb5+ Bd7 5. Bxd7+ Qxd7 6. d3 dxe4 7. Nxe4 Nxe4 8. dxe4 Qxd1+ 9. Kxd1 Nc6 10. c3 e6 11. Kc2 Be7 12. Be3 0-0 13. Rhd1 Rfd8 14. a4 Rxd1 15. Rxd1 Rd8 16. Ra1 b6 17. h3 h6 18. Nd2 Na5 19. b3 f5 20. f3 Bg5 21. Bxg5 hxg5 22. Re1 Kf7 23. Nf1 c4 24. b4 Nb3 25. exf5 exf5 26. Re2 f4 27. Re4 Rc8 28. h4 Kf6 29. Nh2 gxh4 30. Rxf4+ Kg5 31. Rg4+ Kh5 32. Nf1 a6 33. Re4 b5 34. Re5+ Kh6 35. axb5 axb5 36. Rxb5 Re8 37. Kd1 Rd8+ 38. Ke2 Rd3 39. Rb6+ Kh5 40. Ne3 Rxc3 41. Rb5+ g5 42. Kf2 Nd4 43. Rc5 Kg6 44. Rxc4 Rd3 45. Rc8 Rd2+ 46. Kf1 Rd3 47. Ng4 Rb3 48. Rb8 Ne6 49. Rb6 Kf7 50. Ne5+ Ke7 51. Rb7+ Kf6 52. Ng4+ Kg6 53. Rb6 Kf7 54. Nh6+ Ke7 55. Nf5+ Kf7 56. Rxe6 Rb1+ 57. Re1 Rxb4 58. Nd6+ Kf6 59. Ne4+ Kf5 60. Rc1 g4 61. Nf2 gxf3 62. gxf3 Ra4 63. Kg2 Kg5 64. Rc5+ Kf4 65. Nh3+ Ke3 66. Re5+ Kd3 67. Nf2+ Kc3 68. Re4 1-0

[Event "Budapest FS08 IM"]
[Site "Budapest"]
[Date "2020.08.10"]
[Round "8"]
[White "Priehoda, Vitezslav"]
[Black "Marosi, Levente"]
[Result "0-1"]
[WhiteElo "2335"]
[BlackElo "2268"]
[PlyCount "108"]
[EventDate "2020.08.01"]
[EventType "tourn"]
[EventRounds "9"]
[EventCountry "HUN"]
[EventCategory "1"]
[SourceTitle "EXT 2021"]
[Source "ChessBase"]
[SourceDate "2020.10.23"]
[SourceVersion "1"]
[SourceVersionDate "2020.10.23"]
[SourceQuality "1"]

1. Nf3 Nf6 2. c4 e6 3. g3 d5 4. Bg2 dxc4 5. 0-0 a6 6. a4 Nbd7 7. Qc2 Rb8 8. Qxc4 b5 9. axb5 axb5 10. Qc2 c5 11. d4 Bb7 12. dxc5 Bxc5 13. Bf4 Rc8 14. Qd3 b4 15. Nbd2 Qe7 16. Nc4 Bd5 17. Nfd2 0-0 18. e4 Bc6 19. Bd6 Bxd6 20. Qxd6 Qxd6 21. Nxd6 Rcd8 22. Rfc1 Ne5 23. f4 Rxd6 24. fxe5 Rxd2 25. exf6 Rc8 26. fxg7 Kxg7 27. b3 Rb2 28. Rc5 Rxb3 29. Rg5+ Kh6 30. Rga5 Bb7 31. Rb5 Ra8 32. Rc1 Ba6 33. Rb6 Bd3 34. e5 Ra5 35. Re1 Rb5 36. Rxb5 Bxb5 37. Be4 Bd3 38. Bxd3 Rxd3 39. Rb1 b3 40. Kf1 Rc3 41. Ke1 Kg5 42. Kd2 Rf3 43. Ke2 Kg4 44. Rc1 Rf5 45. Rc4+ Kh3 46. Rh4+ Kg2 47. Kd2 Rxe5 48. Rxh7 b2 49. Kc2 Rb5 50. Kb1 f5 51. Rh5 Rb4 52. Rh6 e5 53. Rf6 f4 54. gxf4 exf4 0-1

[Event "Budapest FS08 IM"]
[Site "Budapest"]
[Date "2020.08.02"]
[Round "2"]
[White "Mostbauer, Florian"]
[Black "Marosi, Levente"]
[Result "1/2-1/2"]
[WhiteElo "2297"]
[BlackElo "2268"]
[PlyCount "67"]
[EventDate "2020.08.01"]
[EventType "tourn"]
[EventRounds "9"]
[EventCountry "HUN"]
[EventCategory "1"]
[SourceTitle "EXT 2021"]
[Source "ChessBase"]
[SourceDate "2020.10.23"]
[SourceVersion "1"]
[SourceVersionDate "2020.10.23"]
[SourceQuality "1"]

1. c4 g6 2. g3 Bg7 3. Bg2 d6 4. Nc3 e5 5. e3 Nf6 6. Nge2 0-0 7. 0-0 Nbd7 8. d4 Re8 9. b3 h5 10. a4 e4 11. Qc2 Qe7 12. a5 Nf8 13. a6 c6 14. axb7 Bxb7 15. Ra5 N8h7 16. Bd2 Bc8 17. d5 c5 18. b4 Bg4 19. bxc5 dxc5 20. h3 Bf3 21. Bxf3 exf3 22. Nf4 h4 23. Qd1 hxg3 24. fxg3 g5 25. Qxf3 gxf4 26. gxf4 Nf8 27. Re1 Ne4 28. Nxe4 Qxe4 29. Qxe4 Rxe4 30. Rxc5 Nd7 31. Rc7 Nb6 32. Rc1 a5 33. d6 Bf8 34. Rc6 1/2-1/2

[Event "HUN-chT 1920"]
[Site "Hungary"]
[Date "2019.12.01"]
[Round "3.8"]
[White "Marosi, Levente"]
[Black "Krstulovic, Alex"]
[Result "1/2-1/2"]
[WhiteElo "2253"]
[BlackElo "2325"]
[PlyCount "62"]
[EventDate "2019.11.16"]
[EventType "team-tourn"]
[EventRounds "9"]
[EventCountry "HUN"]
[SourceTitle "CBM 193 Extra"]
[Source "ChessBase"]
[SourceDate "2020.01.31"]
[SourceVersion "1"]
[SourceVersionDate "2020.01.31"]
[SourceQuality "1"]
[WhiteTeam "Budapest MTK"]
[BlackTeam "Paks"]
[WhiteTeamCountry "HUN"]
[BlackTeamCountry "HUN"]

1. e4 c6 2. Nc3 d5 3. Nf3 dxe4 4. Nxe4 Nf6 5. Qe2 Bf5 6. d3 e6 7. Bd2 Be7 8. h3 Nbd7 9. g4 Bg6 10. Bg2 Qc7 11. 0-0-0 Nd5 12. Rhe1 Nf4 13. Qf1 a5 14. Nd4 Bb4 15. Ne2 Bxd2+ 16. Rxd2 Nb6 17. N4c3 0-0-0 18. Nxf4 Qxf4 19. Qe2 h5 20. Qe3 Qxe3 21. Rxe3 hxg4 22. hxg4 Rh4 23. Rg3 Kc7 24. f4 Rd4 25. Rf2 f6 26. b3 Nd7 27. Ne2 Rd6 28. Nc3 Rd4 29. Ne2 Rd6 30. Nc3 Rd4 31. Ne2 Rd6 1/2-1/2